000 00630nam a2200241Ia 4500
005 20260430150525.0
008 008 250103s9999 xx 000 0 eng d
037 _aTheses
040 _aCRL
040 _beng
040 _ceng
041 _2eng
041 _aeng
084 _qCRL
100 _aAbdullah Au.; Ahrari Mohammad Jafar Gu.
_91237751
245 0 _aUrdu mein taraqqi pasand tehreek aur jadeediyat ka baham taqabuli mutala
260 _c2021
300 _a244p.
650 _aCriticism
700 _aUniversity of Delhi. Faculty of Arts. Department of Urdu
942 _cTH
999 _c1849990
_d1849990